UBT Library

Behavioral systems / (Record no. 41938)

000 -LEADER
fixed length control field 00585pam a2200217 a 4500
001 - CONTROL NUMBER
control field 1388375
005 - DATE AND TIME OF LATEST TRANSACTION
control field 20180206082116.0
008 - FIXED-LENGTH DATA ELEMENTS--GENERAL INFORMATION
fixed length control field 820625s1982 nyu b 001 0 eng
010 ## - LIBRARY OF CONGRESS CONTROL NUMBER
LC control number 82012334
020 ## - INTERNATIONAL STANDARD BOOK NUMBER
International Standard Book Number 0030621410 :
Terms of availability $23.95
040 ## - CATALOGING SOURCE
Original cataloging agency DLC
Transcribing agency DLC
Modifying agency DLC
041 ## - LANGUAGE CODE
Language code of text/sound track or separate title eng
080 ## - UNIVERSAL DECIMAL CLASSIFICATION NUMBER
Universal Decimal Classification number 658.314019 ROB
082 00 - DEWEY DECIMAL CLASSIFICATION NUMBER
Classification number 658.314019 ROB
Edition number 19
100 1# - Rafti
Rafti 55
101 ## - Shkurtesa
Shkurtesa MAN
245 10 - TITLE STATEMENT
Title Behavioral systems /
Statement of responsibility, etc Robert L. Morasky ; artwork by David Wachs.
504 ## - BIBLIOGRAPHY, ETC. NOTE
Bibliography, etc Bibliography: p. 169-172.
906 ## - LOCAL DATA ELEMENT F, LDF (RLIN)
a 7
b cbc
c orignew
d 1
e ocip
f 19
g y-gencatlg
942 ## - ADDED ENTRY ELEMENTS (KOHA)
Source of classification or shelving scheme
Item type Books
Holdings
Withdrawn status Lost status Source of classification or shelving scheme Damaged status Not for loan Collection code Permanent location Current location Shelving location Date acquired Total Checkouts Full call number Barcode Date last seen Price effective from Koha item type
          Koleksioni i përgjithshem UBT - Lipjan UBT - Lipjan Koleksioni i përgjithshem 02/06/2018   658.314019 ROB 002-2999077 02/06/2018 02/06/2018 Books
UBT Library © 2015-2024. All rights reserved University Education for Business and Technology